Der kämpfende Atheismus (Запись № 3397989)

Подробности
000 -МАРКЕР
контрольное поле 01646nas1a22003491i 4500
001 - ИДЕНТИФИКАТОР ЗАПИСИ
контрольное поле RU\NLR\INFOCOMM_9\5000000696
005 - ИДЕНТИФИКАТОР ВЕРСИИ
контрольное поле 20260406215727.0
035 ## - ДРУГИЕ СИСТЕМНЫЕ НОМЕРА
Идентификатор записи (NLR Aleph) 004098321
100 ## - ДАННЫЕ ОБЩЕЙ ОБРАБОТКИ
Данные общей обработки 20060602b19311931|||y0rusy50 ba
101 0# - ЯЗЫК РЕСУРСА
Язык текста, звукозаписи и т.д. немецкий
102 ## - СТРАНА ПУБЛИКАЦИИ ИЛИ ПРОИЗВОДСТВА
Страна публикации российская федерация
110 ## - ПОЛЕ КОДИРОВАННЫХ ДАННЫХ: ПРОДОЛЖАЮЩИЕСЯ РЕСУРСЫ
Кодированные данные продолжающегося ресурса afaz|||0|y|
200 1# - ЗАГЛАВИЕ И СВЕДЕНИЯ ОБ ОТВЕТСТВЕННОСТИ
Основное заглавие Der kämpfende Atheismus
Сведения, относящиеся к заглавию Organ des Zentralrates des Bundes der kämpfenden Gottlosen der USSR
210 ## - ПУБЛИКАЦИЯ, РАСПРОСТРАНЕНИЕ И ДР.
Место издания, распространения и т.д. Moskau
Имя издателя, распространителя и т. д. Moskowskij Rabotschij
Дата издания, распространения и т.д. 1931-1931
300 ## - ОБЩИЕ ПРИМЕЧАНИЯ
Текст примечания Издавался также на эсперанто: Militanta ateismo
488 #0 - ДРУГИЕ ВЗАИМОСВЯЗАННЫЕ ПРОИЗВЕДЕНИЯ (ДОКУМЕНТЫ)
Встроенное поле 2001#$aMilitanta ateismo
-- 852##$aNLR$jV.87
Заглавие Militanta ateismo
541 0# - ПЕРЕВОД ЗАГЛАВИЯ, СДЕЛАННЫЙ КАТАЛОГИЗАТОРОМ
Заглавие Воинствующий атеист;
Сведения, относящиеся к заглавию орган Центрального Совета Союза Воинствующих Безбожников СССР
Язык заглавия русский
601 02 - НАИМЕНОВАНИЕ ОРГАНИЗАЦИИ КАК ПРЕДМЕТ
Начальный элемент ввода Союз воинствующих безбожников СССР
Формальный подзаголовок Периодические издания
Системный номер авторитетной/нормативной записи 1264714
Идентификатор авторитетной/нормативной записи RU\NLR\AUTH\66202116
606 1# - НАИМЕНОВАНИЕ ТЕМЫ КАК ПРЕДМЕТ
Наименование темы Атеистическая пропаганда
Формальный подзаголовок Периодические издания
Географический подзаголовок СССР
Системный номер авторитетной/нормативной записи 2258747
Идентификатор авторитетной/нормативной записи RU\NLR\AUTH\661354470
686 1# - ИНДЕКСЫ ДРУГИХ КЛАССИФИКАЦИЙ
Индекс Э164(2)л52
686 1# - ИНДЕКСЫ ДРУГИХ КЛАССИФИКАЦИЙ
Индекс Э164(2)я54
712 02 - НАИМЕНОВАНИЕ ОРГАНИЗАЦИИ - ВТОРИЧНАЯ ОТВЕТСТВЕННОСТЬ
Код отношения Прочие
Материалы, к которым относится поле ger
Начальный элемент ввода Bund der kämpfenden Gottlosen der UdSSR
Графика поля Латинская
Идентификатор авторитетной/нормативной записи RU\NLR\AUTH\889973898
Системный номер авторитетной/нормативной записи 444570
801 #1 - ИСТОЧНИК ЗАПИСИ
Страна российская федерация
Организация InfoComm
Дата составления 20060602
801 #0 - ИСТОЧНИК ЗАПИСИ
Страна российская федерация
Организация NLR
Правила каталогизации PSBO
801 #2 - ИСТОЧНИК ЗАПИСИ
Страна российская федерация
Организация NLR
Дата составления 20180920
Источник данных rusmarc
852 ## - МЕСТОНАХОЖДЕНИЕ И ШИФР ХРАНЕНИЯ
Идентификатор организации NLR
Шифр хранения (Call Number) V.88
942 ## - ДОПОЛНИТЕЛЬНЫЕ ЭЛЕМЕНТЫ ЗАПИСИ (АБИС)
Тип экземпляра АБИС Журнал
980 ## - КОЛЛЕКЦИЯ
Название коллекции Иностранная периодика

Нет доступных экземпляров.